000 00818nam a2200253 4500
003 OSt
005 20260530113843.0
008 260421b1978 xxua|||| |||| 00| 0 eng d
040 _aICI
_bspa
_cICI
050 _aNK1535.P39
_b L58
100 1 _aJohn and Arvil Blake
_930398
245 0 0 _aLiving by design /
_cThe partners of pentagram, theo crosby... y otros.! ; editor Peter gorb
264 1 _bLund humphries,
_c1978
_aLondon :
300 _a300 páginas
_c21cm.
336 _atexto
_2rdacontent
337 _asin medio
_2rdamedia
338 _avolumen
_2rdacarrier
500 _aUn Libro Extraordinario
610 _aPentagram Design Partnership
_930399
650 _aDiseño
_xHistoria
_ySiglo XX
_zGran Bretaña
_930400
700 _aCrosby, Theo
_930401
710 _aPentagram Design
_930402
942 _2lcc
_cBK
999 _c11181
_d11181